| 000 | 00587aam a2200217 4500 | ||
|---|---|---|---|
| 005 | 20241213110733.0 | ||
| 008 | 150504b2007 xxu||||| |||| 00| 0 spa d | ||
| 020 | _a9789968210447 | ||
| 041 | _aESP | ||
| 082 | _a346.1 C8374l | ||
| 100 | _aCosta Rica. Leyes, decretos, etc. | ||
| 245 | _aLey sobre inscripción de documentos en el Registro Público y sus reglamentos | ||
| 260 | _aCosta Rica | ||
| 260 | _bEditec Editores | ||
| 260 | _c2007 | ||
| 300 | _a156 páginas | ||
| 650 | _aCOSTA RICA | ||
| 650 | _aDERECHO REGISTRAL | ||
| 650 | _aREGISTRO PUBLICO | ||
| 942 |
_cBK _2ddc |
||
| 999 |
_c5117 _d5117 |
||